Statistiques concernant Jules Grévy et sa présidence

Cliquez ici pour prendre le quiz!

Statistiques générales

  • Ce quiz a été pris 16 fois
  • Le résultat moyen est 11 sur 20

Statistiques - réponses

GroupeIndicesRéponses% Correct
PrésidenceAyant 80 ans à la fin de son mandat, il est le Président le plus ___ de l'Histoire de la République françaiseÂgé
100%
BiographieDu haut de ses 190 cm, il est le deuxième plus _____ Président françaisGrand
100%
BiographieProfession de formationAvocat
87%
PrésidenceMouvement politique du Général Boulanger contre lequel il luttaBoulangisme
80%
PrésidenceCe chant révolutionnaire est réadopté comme hymne du paysLa Marseillaise
80%
BiographieBarreau dont il fut bâtonnier de 1868 à 1870Barreau de {Paris}
73%
PrésidenceGroupe politique lors de son électionRépublicains modérés
73%
BiographieEcole fréquentéeUniversité de Paris
73%
BiographiePréfecture du Pas-de-Calais donnant son nom à sa loge maçonniqueArras
67%
Présidence
Président du Conseil avec qui il entretenait une relation conflictuelle; proclamateur de la IIIème République
Léon Gambetta
60%
PrésidenceScandale politico-financier dont son gendre est à l'origine qui entraîna sa démissionScandale des {décorations}
60%
PrésidenceCette congrégation religieuse fondée en 1539 est à nouveau bannieJésuites
53%
FamilleGendreDaniel Wilson
47%
PrésidenceNom donné à sa mise en retrait en tant que Président, perpétuée par ses successeursConstitution {Grévy}
33%
FamilleFrères (nommez-en un)Albert Grévy | Paul Grévy
27%
BibliographieRecueil de prises de parole, mettant en avant sa double formationDiscours politiques et {judiciaires}
20%
CitationsJe n’entrerai jamais en {lutte} contre la {volonté} nationale.
20%
CitationsJe ne veux pas que la République fasse {peur}.
13%
BibliographieBrochure de philosophie politique pour les fondements de la RépubliqueLe {Gouvernement} nécessaire
13%
BiographieDépartement de naissance et décès où il fut député pendant près de 15 ansJura
7%

Distribution des résultats

Percentile par nombre de réponses

% des personnes avec chaque résultat

Votre développement - résultats

Vous n’avez pas pris ce quiz